[Event "Tashkent FIDE GP 2nd"]
[Site "Tashkent"]
[Date "2012.11.25"]
[Round "4"]
[White "Morozevich, Alexander"]
[Black "Mamedyarov, Shakhriyar"]
[Result "1/2-1/2"]
[WhiteElo "2748"]
[BlackElo "2764"]
[Annotator "Sumets,A"]
[PlyCount "110"]
[EventDate "2012.11.22"]
[EventType "tourn"]
[EventRounds "11"]
[EventCountry "UZB"]
[EventCategory "20"]
[SourceTitle "CBM 152"]
[Source "ChessBase"]
[SourceDate "2013.01.15"]
[SourceVersion "1"]
[SourceVersionDate "2013.01.15"]
[SourceQuality "1"]

1. d4 d5 2. c4 c6 3. cxd5 cxd5 4. Nc3 Nf6 5. Bf4 Qb6 {A rare option.} (5... Nc6
{is the main line. See Wang Hao - Caruana,F Tashkent FIDE GP 2012}) 6. e3 (6.
Qd2 $5 Nc6 7. e3 Bf5 8. f3 $1 {the only way to play for an advantage} (8. Nge2
e6 9. Ng3 Bg6 10. Be2 Be7 11. O-O O-O 12. Bg5 Rfc8 13. Bxf6 Bxf6 14. f4 Ne7 15.
Bg4 Re8 (15... Rc6 $5 16. f5 exf5 17. Nxf5 Rd8) 16. Rac1 Bh4 17. f5 exf5 18.
Nxf5 Bxf5 19. Bxf5 Bg5 20. Bc2 Nf5 21. Nxd5 Bxe3+ 22. Qxe3 Nxe3 23. Nxb6 axb6
24. Rfe1 Nxc2 {1/2 Graf,A - Dreev,A Moscow Aeroflot op-A 2004}) 8... e6 9. Rc1
Bb4 10. h4 h5 (10... h6 $1 11. g4 Bh7 12. Nge2 Nd7 $5 13. g5 (13. Ng3 $2 e5 $1
14. dxe5 Ndxe5 15. Kf2 O-O $15) (13. a3 $6 Be7 14. g5 Rc8 (14... Na5 15. Na4
Qa6 16. Nec3 Nc4 17. Qd1 b5 18. Nc5 Nxc5 19. dxc5 Bxc5 20. b3 Rd8 21. gxh6 (21.
bxc4 $6 dxc4 22. Qe2 Bd3 23. Qb2 (23. Qg2 Qxa3 $19) 23... Bxa3 24. Qa1 hxg5 25.
Bxg5 f6 26. Bf4 Bxf1 27. Rxf1 e5 28. Bg3 Qb6 $19))) 13... e5 14. Bg3 Na5 15. b3
Bf5 $132) 11. a3 Bxc3 (11... Be7 12. Na4 Qd8 13. b4 Bd6 14. Ne2 O-O 15. Nc5
Bxf4 16. Nxf4 $14) 12. Rxc3 O-O 13. Be2 Rfe8 (13... Rac8 $5 14. Bd1 Na5 15. b3
Rxc3 16. Qxc3 Nc6 17. Ne2 Rc8 18. Kf2 $11) 14. Bd1 e5 15. Bxe5 (15. dxe5 $6 Nd7
16. Ne2 Ndxe5 $132) 15... Nxe5 16. dxe5 Rxe5 17. Ne2 Rae8 18. Nd4 Bd7 19. O-O
$14 {Morozevich,A - Predojevic,B Sarajevo Bosna-A 38th 2008 1-0 (44)}) 6...
Qxb2 (6... Bd7 {I don't think that Black can reach complete equality with 5...
Qb6 followed by 6....Bd7. A strange combination, isn't it?} 7. Bd3 (7. Qd2 e6
8. Bd3 Nc6 9. Nf3 Be7 (9... Nb4 10. Bb1 Bd6 11. Bxd6 Qxd6 12. O-O O-O 13. Ne5
Rfc8 14. f4 Be8 15. g4 $14 {Vaisser,A - Dreev,A ACP Blitz Final 3rd 2004 0-1 
(38)}) 10. h3 O-O 11. O-O Rfc8 12. Rfc1 Be8 13. Ne5 (13. Na4 $6 Qd8 14. Nc5
Bxc5 15. Rxc5 Ne4 $11) 13... Nxe5 14. Bxe5 a6) 7... e6 ({According to my
database, nobody has dared to capture the pawn on b2} 7... Qxb2 8. Nge2 Qa3 {
White needs to choose between 2 options} 9. Rb1 (9. Qb1 $5 Nc6 (9... Bc6 $6 10.
Bb5 $16 e6 $2 11. Bxc6+ bxc6 12. Qb7) 10. Qxb7 Rc8 11. Bb5 e6 12. O-O $14) 9...
Bc6 10. O-O Qa5 11. Rb3 e6 12. Nb5 Na6 13. Nec3 $44) 8. Qe2 Bc6 9. Nf3 Nbd7 10.
O-O Be7 11. Rab1 a5 12. Nb5 (12. a3 $5 O-O (12... a4 $6 13. Nb5 Bxb5 14. Bxb5
O-O 15. Rbc1 $16) 13. b4 axb4 14. axb4 Ne4 (14... Bxb4 $2 15. Na2 $16) 15. Bxe4
dxe4 16. Nd2 Nf6 17. Be5 $14) 12... Bxb5 13. Bxb5 O-O 14. Rfc1 Rfc8 15. h3 {
1/2 Vera Gonzalez Quevedo,R - Cubas,Jo Kuna Arandu Elite 2012} (15. Rc3 $5 $14)
) (6... Nc6 7. Bd3 Qxb2 8. Nge2 Qb6 9. Rb1 Qa5 10. Rb5 (10. O-O $5 a6 $8 11.
Na4 $44) 10... Qd8 11. Qb3 Na5 12. Qa4 Nc6 13. Qb3 {1/2 Seirawan,Y - Hector,J
Haninge Haninge 1990}) 7. Bb5+ Bd7 (7... Nc6 {This option looks dangerous for
Black} 8. Nge2 Qa3 (8... Bf5 $5 9. O-O Qb4 10. Bd3 Bxd3 11. Qxd3 Qc4 12. Qb1 b6
13. Nb5 $6 (13. Rc1 $1 Qb4 14. Qd3 Qc4 15. Qxc4 dxc4 16. Nb5 O-O-O 17. Rxc4)
13... Kd7 (13... Rc8 14. Nec3 Qb4 15. Qd3 Qc4 (15... e6 16. Rfc1 Be7 17. Nc7+
Kd7 18. N3xd5 $1 Nxd5 19. Nxd5 exd5 20. Qf5+ Kd8 21. Rxc6 Rxc6 22. Qxd5+ $18)
16. Qb1 Qb4 $11) 14. Ng3 e6 15. Rc1 Qa4 16. Qd3 {Dimukhametov,A - Volkov,S
Samara Polugaevsky Memorial 2011 0-1 (27)}) 9. O-O e6 10. Ba4 a6 11. Rb1 b5 12.
Rb3 Qe7 13. Bxb5 axb5 14. Nxb5 Kd7 15. Qc2 Ra6 16. Nc1 (16. Nd6 $1 Qxd6 $8 (
16... g5 17. Nxc8 Kxc8 18. Rb8+ Kd7 19. Rfb1 $18) 17. Bxd6 Bxd6 18. Rc1 Ke7 19.
Qd3 $16) 16... Qd8 17. Nd3 Ne8 18. e4 Ke7 19. Qc5+ Kd7 20. Qc2 Ke7 21. Qc5+ Kd7
22. Qc2 Ke7 {1/2 Prohaszka,P2 - Predojevic,B TCh-HUN 2012}) 8. Bxd7+ Nbxd7 9.
Nge2 Qa3 $8 (9... a6 10. Rb1 Qa3 11. Rxb7 $16) (9... Rc8 10. Rb1 Qa3 11. O-O
$16) 10. Rb1 b6 $1 (10... Rc8 11. O-O e6 12. Rxb7 Rxc3 $2 (12... a6 13. Ra7 Be7
14. Nb5 Qxa2 15. Nc7+ Kf8 16. Rxa6 $16) 13. Nxc3 Qxc3 14. Qa4 Be7 15. Rc7 Qb2
16. Rc8+ Bd8 17. Bd6 Ne4 18. Bb4 Qe2 19. Qxa7 Qb5 20. Qc7 {1-0 Vaisser,A -
Kallai,G FRA-chT 2000}) (10... Ne4 11. Nxe4 dxe4 12. O-O Nb6 13. Qc2 e6 14. Rb3
$6 (14. Qxe4 $1 Nd5 15. Be5 Qa6 16. Nf4 $16) 14... Rc8 $1 $13 {Vojinovic,J -
Stefanova,A Dresden ol (Women) 38th 2008 0-1 (50)}) 11. O-O a6 12. Bc7 e6 13.
Bxb6 Bd6 14. Rb3 {A new move.} (14. g3 Nxb6 15. Rxb6 Be7 $6 (15... O-O 16. Qa4
Rfc8 $11) 16. Qa4+ Qxa4 17. Nxa4 O-O 18. Rc1 $14 {Stefanova,A - Romanko,M FIDE
Wch Women World Cup 2012 1-0 (44)}) 14... Bxh2+ $8 15. Kh1 $8 (15. Kxh2 $2 Qd6+
16. Kg1 Nxb6 $17) 15... Qe7 $1 (15... Qd6 16. Bc5 Qc7 17. g3 Bxg3 18. Nxg3 Nxc5
19. dxc5 Qxc5 20. Nh5 Nxh5 21. Qxh5 Qc6 (21... O-O $2 22. Ne4 $18) 22. Ne2 $16)
16. g3 Ng4 17. Bc5 $1 (17. Nf4 h5 18. Qf3 Qg5 {According to my engine, the
position is drawish.} 19. e4 (19. Nh3 Qg6 20. Nf4 Qg5 21. Nh3 $11) 19... h4 20.
Nh3 Qh5 21. exd5 hxg3 22. dxe6 Nxf2+ (22... O-O $5 23. exd7 Qxh3 24. Qg2 Qh4
25. Nd5 Rfb8 26. fxg3 Bxg3+ 27. Kg1 Bh2+ 28. Kh1 Bg3+ $11) 23. Rxf2 gxf2 24.
exd7+ Kxd7 25. Qb7+ Ke6 26. Qe4+ Kd7 27. Qb7+ $11) 17... Qf6 $1 (17... Nxc5 18.
dxc5 O-O (18... Qxc5 19. Na4 Qe7 20. Qd4 $16) 19. Qd4 h5 20. Kg2 $1 {with the
idea of f3 on the next move} (20. f3 $4 Bxg3 $19) 20... Qg5 21. Rh1 Rac8 22.
Rxh2 Nxh2 23. Kxh2 $14 {Due to the passed pawn White's chances are better}) 18.
Nf4 Nxf2+ $1 (18... Nxc5 19. dxc5 h5 $5 20. Ncxd5 $5 (20. Kg2 Qg5 21. Nce2 h4
22. Nh3 Qh6 23. Qd4 Nf6 24. Qa4+ Kf8 25. Qf4 hxg3 26. Qxh6 Rxh6 27. fxg3 Rc8
28. Rc1 Ng4 29. Nd4 $14) 20... exd5 21. Nxd5 Qd8 (21... Qe5 $5 22. Qd4 Rc8 23.
Qxe5+ Nxe5 24. Rb7 $16) 22. Rb7 O-O 23. Ne7+ Kh7 24. Rd7 Qe8 25. Qd3+ Kh8 26.
c6 $16 {Despite the extra bishop, Black's position is bad}) 19. Rxf2 Bxg3 20.
Rfb2 (20. Rg2 $5 Bxf4 21. exf4 Nxc5 22. dxc5 Qxf4 23. Ne2 (23. Rxg7 $4 Qh6+)
23... Qh4+ 24. Kg1 $14) 20... Qh4+ 21. Kg1 Nxc5 22. dxc5 Bxf4 23. exf4 Qxf4 (
23... Qg3+ $5 24. Rg2 Qe3+ 25. Kh1 Qxf4 26. Ne2 Qh4+ 27. Kg1 O-O 28. Qd4 Qxd4+
29. Nxd4 g6 30. c6 $14) 24. Ne2 Qc7 25. Qd4 O-O 26. Rb7 Qa5 27. Kf2 $6 (27. Rc2
$1 {a sound idea - to support the passed pawn} Rac8 $1 (27... Qe1+ 28. Kg2 Rac8
29. Nc3 {Black's queen gets into trouble} e5 30. Qxd5 Rcd8 31. Qe4 Rd2+ 32.
Rxd2 Qxd2+ 33. Ne2 Qg5+ 34. Ng3 h5 35. Kh3 $16) (27... g6 28. c6 Rac8 29. Kg2
$16) 28. Ng3 $5 (28. c6 Rxc6 29. Rxc6 Qe1+ 30. Kg2 Qxe2+ 31. Kg3 e5 32. Rb2 (
32. Qxd5 $6 Qe1+ 33. Kg2 Qe2+ 34. Kh3 Qe3+ $11) 32... Qe1+ 33. Qf2 Qd1 $13 {
it is obvious that White has better chances but it is hard to estimate how
real are White's chance to win in a practical game}) 28... Rc6 29. Kf1 $1 h6 (
29... g6 30. Nh5 e5 31. Qxd5 $16) 30. Nh5 e5 31. Qxd5 Rg6 32. Rg2 $16) 27...
Rac8 28. Rc2 Rc6 29. Nc1 (29. Nf4 e5 30. Qxe5 (30. Qxd5 $4 Rf6 $1 31. Qxe5 Qa4
$19) 30... Rxc5 $11) 29... Qd8 30. Nd3 Qc8 31. Re7 Qd8 32. Rb7 Qc8 33. Rb3 (33.
Rcb2 $5 Qd8 (33... f6 $2 34. Qg4 $18) 34. Kg1 Rc7 35. Qf4 $14) 33... e5 $1 34.
Nxe5 Qf5+ 35. Ke1 Qxc2 36. Nxc6 Qxa2 $2 (36... Re8+ 37. Re3 (37. Ne5 $5 f6 38.
Rb8 $5 (38. Qxd5+ Kh8 39. Rb8 Qc1+ 40. Ke2 Qc2+ 41. Kf3 Qc3+ $11) 38... Kf8 39.
Rxe8+ Kxe8 40. Nf3 Qe4+ 41. Kd2 Qxd4+ 42. Nxd4 Kd7 43. Ke3 h5 $11) 37... Rxe3+
38. Qxe3 h5 39. Ne5 h4 40. c6 h3 41. Qxh3 Qe4+ 42. Kf2 Qxe5 43. Qc8+ Kh7 44. c7
Qf4+ $11) 37. Re3 $6 (37. Ne7+ Kh8 38. Rb7 $1 Re8 (38... Qh2 39. c6 Re8 40. Qe3
$18) 39. c6 Qg2 40. Kd1 $16) 37... a5 $6 38. Qxd5 (38. Ne7+ $1 Kh8 39. c6 Rb8
40. Re2 Qb1+ 41. Kf2 Qh1 42. Nf5 f6 43. Qf4 Rf8 44. Qc7 Rg8 45. Re8 $18) 38...
Qc2 39. Re2 $2 (39. Ne7+ $1 Kh8 40. Qd6 Qb1+ 41. Kf2 Rb8 42. Re2 h6 43. c6 Qb6+
44. Kf3 $18) 39... Qc1+ 40. Kf2 Qf4+ 41. Qf3 $6 (41. Kg2 Qg4+ 42. Kf1 Qh3+ 43.
Ke1 Qh4+ 44. Kd2 Qf4+ 45. Kc2 Qa4+ 46. Kb1 h6 47. Re4 Qb5+ 48. Kc2 $16 {
White's task is not so easy}) 41... Qh4+ 42. Kf1 a4 43. Ne7+ Kh8 44. Nf5 Qf6
45. Rf2 Qe5 (45... Rb8 $1 46. Ng3 Qe5 47. Qf4 Rb1+ 48. Kg2 Qxc5 $11) 46. Rc2 a3
47. c6 Rc8 48. Kg2 (48. Qg4 $5 g6 (48... Rg8 $5 49. Re2 a2 50. Rxe5 (50. Rxa2
Qb5+ $11) 50... a1=Q+ 51. Re1 Qa6+ $11) 49. Qd4 f6 50. Qxe5 fxe5 51. Ne7 Rc7
52. Ke2 $1 {with a nice trap} Kg7 $4 (52... a2 $4 53. Rxa2 Rxe7 54. Rb2 $18) (
52... h5 53. Nxg6+ (53. Kd2 Kg7 54. Nd5 a2 55. Nxc7 a1=Q 56. Ne8+ Kf7 57. c7
Qd4+ 58. Kc1 Qa1+ 59. Kd2 Qd4+ 60. Ke2 Qe4+ $11) 53... Kg7 54. Nxe5 Kf6 55. Nf3
a2 56. Rxa2 Rxc6 $11) 53. Nd5 a2 54. Nxc7 a1=Q 55. Ne8+ Kh6 56. c7 Qa6+ 57. Kf2
Qa7+ 58. Kg2 Qa8+ 59. Kg3 $18) 48... h6 $11 49. Ng3 Qe8 50. c7 a2 51. Rxa2 Rxc7
52. Ra8 Rc2+ 53. Kg1 Rc1+ 54. Kg2 Rc2+ 55. Kg1 Rc1+ 1/2-1/2

[Event "WchT 9th"]
[Site "Antalya"]
[Date "2013.12.05"]
[Round "9.2"]
[White "Korobov, Anton"]
[Black "Akopian, Vladimir Eduardovic"]
[Result "1-0"]
[WhiteElo "2713"]
[BlackElo "2681"]
[Annotator "Sumets,A"]
[PlyCount "85"]
[EventDate "2013.11.26"]
[EventType "team-tourn"]
[EventRounds "9"]
[EventCountry "TUR"]
[SourceTitle "CBM 158"]
[Source "ChessBase"]
[SourceDate "2014.01.16"]
[SourceVersion "1"]
[SourceVersionDate "2014.01.16"]
[SourceQuality "1"]
[WhiteTeam "Ukraine"]
[BlackTeam "Armenia"]
[WhiteTeamCountry "UKR"]
[BlackTeamCountry "ARM"]

1. d4 d5 2. c4 c6 3. Nc3 Nf6 4. e3 Bf5 5. cxd5 cxd5 6. Qb3 Nc6 $5 {An
aggressive gambit line. It is not so easy to prove superiority after the
simple 6...Bc8:} (6... Bc8 7. Nf3 Nc6 8. Ne5 e6 9. f4 Be7 10. Bd3 O-O 11. O-O
Nd7 12. Bd2 Ndxe5 13. fxe5 Bd7 14. Rf3 $14 {Sadler,M (2625)-Ernst,S (2581)
Oslo 2011 1-0 (31)}) 7. Qxb7 Bd7 8. Qb3 Rb8 9. Qd1 e5 10. Nf3 Bd6 {In several
games Black played 10...e4. I think this move can't be recommended because it
leads to an unpleasant position. Let's see some games.} (10... e4 $6 11. Ne5 $1
Bd6 12. Nxd7 Qxd7 13. Be2 (13. Bb5 $5 O-O 14. O-O Rfc8 15. f3 Qe6 16. Ba4 Na5 (
16... exf3 17. Qxf3 Bb4 18. Ne2 Ne7 19. Nf4) 17. Bc2 Bb4 18. fxe4 Nxe4 19. Nxe4
dxe4 20. Ba4 g6 21. a3 Bd6 22. b4 Nc4 23. Bb3 $16 {Winants,L (2543)-Shaw, J 
(2424) Istanbul 2012 1/2 (144)}) 13... h5 14. a3 (14. h3 $6 Rh6 15. a3 Rg6 $6 (
15... h4 16. Qa4 Rg6 17. Bf1 Kf8 $44 {Black has some compensation for the
sacrificed pawn.}) 16. g3 a5 17. Qa4 Rb6 18. Bd2 Ke7 $6 19. Rc1 Bb8 20. Qc2 Nd8
21. Na4 Rc6 22. Nc5 $18 {Burmakin,V (2586)-Arjun,B (2231) Montcada 2012 1-0 
(32)}) 14... a5 15. f3 (15. Nb5 $5 Be7 16. Bd2 O-O 17. Rc1 $16) 15... exf3 16.
Bxf3 Qc7 17. Nxd5 Nxd5 18. Bxd5 Ne7 19. Ba2 Bxh2 20. Qf3 (20. Qa4+ $1 Kf8 21.
Qc4 Qg3+ 22. Kd1 Qg4+ 23. Qe2 $16) 20... f6 21. e4 $6 (21. Rb1 Bg3+ 22. Kd1 $16
) 21... Bg3+ 22. Kf1 h4 $44 23. Qe2 $6 Qb6 24. Qc4 Rc8 25. Qa4+ Kd8 26. Bd2 Rh5
27. Rc1 Rxc1+ 28. Bxc1 Nc6 29. Bd5 $4 (29. Ke2 Nxd4+ 30. Kd3 Ne6 31. Kc2 $13)
29... Rxd5 {0-1 (29) Flear,G (2459)-Arjun,B (2210) Lille 2012}) 11. Be2 $5 $146
(11. dxe5 Nxe5 12. Be2 {Looking at this position, it is difficult to believe
that Black has enough compensation for the pawn sacrificed. However, current
practice shows that Black has something for the pawn.} Qc7 (12... O-O 13. O-O
Qe7 14. Nd4 (14. Nxe5 $5 Qxe5 (14... Bxe5 $1 15. Nxd5 Nxd5 16. Qxd5 Rfc8 $44 {
with the possible line} 17. Qa5 Rc2 18. Bd1 Bc6 19. Bxc2 Bxh2+ 20. Kxh2 Qh4+
21. Kg1 Bxg2 22. Kxg2 Qg4+ $11) 15. f4 Qe6 16. Bf3 Bc5 17. Nxd5 Nxd5 18. Bxd5
Bxe3+ 19. Kh1 Qb6 20. Bxe3 Qxe3 21. b3 $16 {Stefanova,A (2531)-Girya,O (2436)
Dilijan ARM 2013 1-0 (62)}) 14... Rfc8 $44 {White can't complete the
development of his pieces without material loss.} 15. h3 (15. Ncb5 Bc5 16. Bd2
$2 (16. b3 a6 17. Nc3 Bb4 18. Nb1 a5 $44) 16... Nc4 $1 17. a4 Nxb2 18. Qe1 Ne4
19. Ba5 Nc4 $17 {Horvath,C (2509) -Brunello,S (2587) Arvier 2012 0-1 (39)})
15... Rb6 16. a4 Bb4 17. a5 Rbb8 18. Bd2 Nc4 19. Bxc4 Rxc4 20. Nce2 Bxd2 (20...
Bd6 $5 21. b3 Rcc8 22. Rc1 Ne4 $44) 21. Qxd2 Ne4 22. Qd3 Rxb2 23. Nf4 Qd6 $11 {
Melkumyan,H (2649)-Ragger,M (2655) Germany 2012 1/2 (57)}) 13. Nd4 (13. Nxd5
Nxd5 14. Qxd5 Bc6 15. Qd1 O-O $44) 13... O-O 14. h3 Ne4 15. Nxe4 dxe4 16. b3 (
16. O-O $6 Rb6 17. b3 Bb4 18. Bb2 (18. a3 Bxh3 19. gxh3 (19. axb4 Bxg2 20. Kxg2
Rg6+ 21. Kh1 Qd7 $19) 19... Rg6+ 20. Kh1 Qd7 21. Bg4 Nxg4 22. hxg4 Rxg4 23.
Qxg4 Qxg4 24. axb4 Rd8 25. Rxa7 h5 $19) 18... Bxh3 $1 19. Rc1 (19. gxh3 $2 Rg6+
20. Kh1 Qc8 21. Bg4 Nxg4 22. hxg4 Rxg4 $19) 19... Qd7 20. f4 Bxg2 21. Kxg2 Rg6+
22. Kf2 Qh3 $19) 16... Qc5 17. Bb2 Qa5+ 18. Kf1 Rfc8 19. g3 Rb6 20. Kg2 h5 21.
h4 Ng4 22. Rc1 Rxc1 23. Qxc1 Qe5 24. Nc2 Qf5 $44 {Wojtaszek,R (2713)-Wang Yue 
(2691) Poikovsky 2012 1/2 (42)}) 11... O-O (11... e4 $5 {At least White can't
play Ne5 now.} 12. Nd2 {As we will see later on, White's knight is very well
placed on e1. Therefore probably he should have played e4 before White castled.
} O-O 13. Nb5 (13. O-O Qc7 14. h3 $8 (14. Nb5 $2 Rxb5 15. Bxb5 Bxh2+ 16. Kh1
Ng4 17. f3 Bg1 $19) 14... Ne7 {and Black has reasonable compensation for the
pawn.}) 13... Be7 14. O-O Nb4 15. Nc3 Bf5 16. Nb3 Qc7 17. Bd2 Bd6 18. h3 (18.
Nb5 $2 Bxh2+ 19. Kh1 Rxb5 20. Bxb5 Ng4 21. Bxb4 Bg1 22. g3 Qb6 23. Kxg1 Qh6 24.
Qxg4 Bxg4 25. f3 $8 Qh3 26. fxg4 Qxg3+ 27. Kh1 Rb8 $17) 18... Nd3 19. Bxd3 exd3
$44 {It seems to me that after 11...e4 Black has enough compensation for the
pawn. Practice will tell what is the best way to proceed.}) 12. O-O Qe7 13. b3
e4 14. Ne1 $1 Bc7 15. Na4 Ne5 $6 {A beautiful but not an effective move.} ({
I would recommend as the best option} 15... h5 $5 16. Nc5 Qd6 17. g3 Bh3 18.
Ng2 Ng4 19. Bd2 Ne7 $44 {I believe that White's position is superior but Black
retains some attacking chances.}) (15... Qd6 16. g3 Ne7 17. Nc5 Bh3 18. Ng2 Nf5
19. Na6 Rb7 20. a4 $16) 16. Nc5 (16. dxe5 $4 Qxe5 $19) 16... Bb5 (16... Neg4
17. g3 $1 (17. h3 $2 Nh2 18. Na6 Nxf1 19. Nxc7 Qd6 $17) 17... Bc8 18. Ng2 h5
19. Ba3 Bd6 20. Rc1 $16) 17. Bxb5 Rxb5 18. a4 Rb6 19. Ba3 Neg4 20. g3 $1 (20.
h3 $2 Qd6 21. g3 Nxf2 $5 (21... Nxe3 22. Nxe4 Qxa3 23. fxe3 Qe7 24. Nxf6+ Rxf6
25. Rxf6 Qxf6 $44 {Black has compensation for the pawn, thanks to his strong
bishop.}) 22. Kxf2 Qxg3+ 23. Ke2 Nh5 $40 {with a strong attack.}) 20... Bd6 21.
h3 Nh6 22. Ng2 $16 {Black has no compensation for the pawn. Probably he should
have prevented b4, but anyway his position was bad.} g5 $6 (22... a5 $5 23. Qd2
Ra8 24. Rfc1 Nf5 $16) 23. b4 Nf5 24. b5 h5 25. Qe2 {Black's counterplay on the
kingside is non-threatening and White wins the game on the opposite side.} h4
26. g4 Ng7 27. Rfc1 Nd7 $2 {This is actually a waste of time. It is difficult
to give good advice to Black.} (27... Ne6 28. Ne1 Rbb8 (28... Rc8 $2 29. Nxe4)
29. Rc3 Rfc8 30. Rac1 $16 {White will win the game if he doesn't make a
blunder.}) 28. Qa2 $1 Nf6 $8 29. Rab1 Rfb8 30. Bb4 Ne6 31. Nxe6 (31. Rc2 $5 Kg7
32. Rbc1 {and Black has no sensible moves.}) 31... fxe6 32. Bc5 R6b7 33. Qa3
Ne8 34. Rc3 a6 {Otherwise Korobov would double his rooks on the c-file.} 35.
Rcb3 axb5 (35... Qd8 $5 36. bxa6 Rxb3 37. Rxb3 Ra8 38. a7 $1 (38. Rb6 $4 Qxb6
$19 {sometimes miracles happen}) 38... Rxa7 39. Rb6 Qxb6 40. Bxb6 Bxa3 41. Bxa7
$18 {The endgame should be winning for White.}) 36. Rxb5 Rxb5 37. axb5 {
White is a pawn up and Black's pieces are misplaced. The game is basically
over here.} Qd7 38. Qa6 Kf7 39. Ne1 Ke7 40. b6 $18 Qb7 41. Qb5 Qd7 42. Qa5 Qb7
43. Nc2 1-0